Design of Linear RF Outphasing Power Amplifiers (Record no. 247966)

000 -LEADER
fixed length control field 00296 a2200121 4500
001 - CONTROL NUMBER
control field 12893
082 ## - DEWEY DECIMAL CLASSIFICATION NUMBER
Classification number 621.38412ZHA
090 ## - LOCALLY ASSIGNED LC-TYPE CALL NUMBER (OCLC); LOCAL CALL NUMBER (RLIN)
-- 9871
-- 9871
100 ## - MAIN ENTRY--PERSONAL NAME
Personal name Zhang,X
245 ## - TITLE STATEMENT
Title Design of Linear RF Outphasing Power Amplifiers
260 ## - PUBLICATION, DISTRIBUTION, ETC.
Place of publication, distribution, etc. LONDON
Name of publisher, distributor, etc. Artech House
Date of publication, distribution, etc. 2003
300 ## - PHYSICAL DESCRIPTION
Extent xiii, 200
942 ## - ADDED ENTRY ELEMENTS (KOHA)
Institution code [OBSOLETE] NUST-CAE
Call number prefix 621.38412ZHA
Holdings
Withdrawn status Lost status Damaged status Not for loan Collection code Permanent Location Current Location Date acquired Total Checkouts Full call number Barcode Date last seen Price effective from Koha item type
          College of Aeronautical Engineering (CAE) College of Aeronautical Engineering (CAE) 04/03/2017   621.38412ZHA CAEN-3381 04/05/2017 04/05/2017 Book
© 2023 Central Library, National University of Sciences and Technology. All Rights Reserved.